UBT Library

Assessment and instruction of reading and writing disability : (Record no. 41448)

000 -LEADER
fixed length control field 00830cam a2200241 a 4500
001 - CONTROL NUMBER
control field 3052279
005 - DATE AND TIME OF LATEST TRANSACTION
control field 20180201032951.0
008 - FIXED-LENGTH DATA ELEMENTS--GENERAL INFORMATION
fixed length control field 960429s1997 nyua b 001 0 eng
010 ## - LIBRARY OF CONGRESS CONTROL NUMBER
LC control number 96019727
020 ## - INTERNATIONAL STANDARD BOOK NUMBER
International Standard Book Number 0673990575
040 ## - CATALOGING SOURCE
Original cataloging agency DLC
Transcribing agency DLC
Modifying agency DLC
041 ## - LANGUAGE CODE
Language code of text/sound track or separate title eng
080 ## - UNIVERSAL DECIMAL CLASSIFICATION NUMBER
Universal Decimal Classification number 428.42
082 00 - DEWEY DECIMAL CLASSIFICATION NUMBER
Classification number 428.42 LIP
Edition number 20
100 1# - Rafti
Rafti 46
101 ## - Shkurtesa
Shkurtesa EDU
245 10 - TITLE STATEMENT
Title Assessment and instruction of reading and writing disability :
Statement of responsibility, etc Marjorie Y. Lipson, Karen K. Wixson.
246 14 - VARYING FORM OF TITLE
Title proper/short title Assessment & instruction of reading disability
504 ## - BIBLIOGRAPHY, ETC. NOTE
Bibliography, etc Includes bibliographical references (p. 691-734) and indexes.
906 ## - LOCAL DATA ELEMENT F, LDF (RLIN)
a 7
b cbc
c orignew
d 1
e ocip
f 19
g y-gencatlg
942 ## - ADDED ENTRY ELEMENTS (KOHA)
Source of classification or shelving scheme
Item type Books
Holdings
Withdrawn status Lost status Source of classification or shelving scheme Damaged status Not for loan Collection code Permanent location Current location Shelving location Date acquired Total Checkouts Full call number Barcode Date last seen Price effective from Koha item type
          Koleksioni i përgjithshem UBT - Lipjan UBT - Lipjan Koleksioni i përgjithshem 02/01/2018   428.42 LIP 002-2997672 02/01/2018 02/01/2018 Books
UBT Library © 2015-2024. All rights reserved University Education for Business and Technology